Kategórie sprievodcov v cestovnom ruchu na Slovensku
V praxi cestovného ruchu na Slovensku poskytujú služby viaceré kategórie sprievodcov: sprievodcovia cestovného ruchu, miestni (vlastivední) sprievodcovia, horskí vodcovia a sprievodcovia, sprievodcovia po kultúrnohistorických pamiatkach, sprievodcovia po sprístupnených jaskyniach.
Salvato in:
| Autore principale: | |
|---|---|
| Natura: | Capitolo di libro |
| Lingua: | slovacco |
| Soggetti: | |
| Tags: |
Nessun Tag, puoi essere il primo ad aggiungerne!!
|
MARC
| LEADER | 00000naa a2200000 4500 | ||
|---|---|---|---|
| 001 | r037267 | ||
| 005 | 20230724104858.4 | ||
| 041 | 0 | |a slo | |
| 044 | |a SK | ||
| 245 | 1 | 0 | |a Kategórie sprievodcov v cestovnom ruchu na Slovensku |c Ján Orieška |
| 520 | |a V praxi cestovného ruchu na Slovensku poskytujú služby viaceré kategórie sprievodcov: sprievodcovia cestovného ruchu, miestni (vlastivední) sprievodcovia, horskí vodcovia a sprievodcovia, sprievodcovia po kultúrnohistorických pamiatkach, sprievodcovia po sprístupnených jaskyniach. | ||
| 610 | 2 | 0 | |a ruch cestovný |
| 610 | 2 | 0 | |a sprievodcovia |
| 610 | 2 | 0 | |a Slovensko |
| 100 | 1 | |a Orieška, Ján | |